Statistics for Top 500 Baby Girl Names in the USA for 2015

Click here to take the quiz!

General Stats

  • This quiz has been taken 20,761 times
  • The average score is 182 of 500

Answer Stats

Answer % Correct
2OOlivia
89%
214AAlivia
89%
1EEmma
88%
162SSara
85%
44AAnna
85%
211AAna
85%
440SSarai
85%
432EEmely
85%
58SSarah
85%
486EElisa
85%
8EEmily
85%
175EEliza
85%
149IIsabel
80%
94IIsabelle
80%
124MMary
80%
28HHannah
78%
13EElizabeth
75%
14SSofia
75%
3SSophia
75%
206JJessica
75%
319KKathryn
74%
252JJennifer
74%
84KKatherine
74%
179CCatherine
74%
155MMariah
72%
109MMaria
72%
167RRachel
71%
5IIsabella
70%
234IIzabella
70%
25LLily
70%
20VVictoria
70%
139LLilly
70%
9CCharlotte
69%
158AAmy
69%
4AAva
69%
437AAbby
68%
166RRose
68%
17CChloe
68%
18EElla
68%
19GGrace
68%
40SSamantha
68%
100KKhloe
68%
322LLaura
68%
12AAmelia
67%
145EEmilia
67%
6MMia
67%
310MMaddison
66%
475EEve
66%
471MMadisyn
66%
89JJulia
66%
11MMadison
66%
32AAlexa
66%
222KKate
65%
288JJane
65%
23ZZoey
65%
33ZZoe
65%
309KKatie
64%
453JJulie
63%
119LLauren
63%
75EEva
62%
104SSophie
62%
36LLeah
61%
85AAshley
61%
188RRebecca
61%
421LLeia
61%
329LLia
61%
316AAmanda
61%
333CChristina
60%
338AAlison
60%
39AAllison
60%
359AAllyson
60%
7AAbigail
60%
74BBella
59%
87AAlice
58%
384MMegan
58%
279HHaley
58%
482HHaylee
58%
64HHailey
58%
290AAngel
58%
397EElle
57%
55LLucy
57%
152NNicole
57%
27NNatalie
57%
276AAlessandra
56%
192MMichelle
56%
144MMolly
56%
101AAlexandra
56%
451AAlejandra
56%
201AArya
55%
29AAria
55%
47EEllie
54%
154MMargaret
54%
60EEleanor
54%
106EElena
54%
62CCaroline
54%
15EEvelyn
53%
76TTaylor
53%
253MMelissa
53%
107KKimberly
53%
441EEvelynn
53%
230GGeorgia
51%
207SStephanie
51%
112JJasmine
50%
431JJazmin
50%
449JJazmine
50%
49CClaire
50%
323AAnnie
50%
237KKylee
50%
66KKylie
50%
382KKyleigh
50%
34PPenelope
49%
295DDiana
49%
297DDanielle
49%
478KKelly
49%
239KKatelyn
48%
50VViolet
48%
59MMadelyn
48%
126JJade
48%
334AAmber
48%
315MMadilyn
48%
336EErin
48%
301MMadeleine
48%
415MMadelynn
48%
197KKaitlyn
48%
86AAlexis
48%
366EEmber
48%
90MMadeline
48%
419HHelen
48%
497MMadilynn
48%
490HHolly
47%
10HHarper
47%
150BBrooke
47%
26LLillian
46%
24AAddison
46%
416BBriana
46%
444AAddyson
46%
115KKayla
46%
96GGianna
46%
92AAnnabelle
46%
305JJoanna
46%
82BBrianna
46%
159NNorah
45%
388AAverie
45%
185VVanessa
45%
16AAvery
45%
364AAlicia
45%
146MMya
45%
56AArianna
45%
41NNora
45%
46AAriana
45%
69MMaya
45%
420BBethany
45%
54GGabriella
44%
262JJordan
44%
117AAndrea
44%
37AAudrey
44%
183DDaisy
44%
254GGabriela
44%
485MMelany
44%
136JJordyn
44%
80MMelanie
44%
368VVeronica
43%
231HHope
43%
220AAngela
43%
83RRuby
43%
198RRyleigh
43%
388RRylie
43%
459BBrittany
43%
35RRiley
43%
121RRylee
43%
93AAlyssa
42%
298JJenna
42%
169LLaila
42%
30LLayla
42%
247LLeila
42%
255AAllie
41%
264OOlive
41%
375SScarlet
41%
22SScarlett
41%
129IIvy
41%
91FFaith
41%
98CClara
40%
280JJune
40%
205GGabrielle
40%
293RRuth
40%
176AAlaina
39%
233VVivienne
39%
469AAubrie
39%
210MMakenzie
39%
223AAlayna
39%
95VVivian
39%
141IIsla
39%
78AAubree
39%
73MMackenzie
39%
147KKendall
39%
403AApril
39%
21AAubrey
39%
151MMckenzie
39%
291EElaina
39%
164AAngelina
39%
224LLola
38%
286PPhoebe
38%
300NNina
38%
402ZZara
38%
38SSavannah
37%
496MMichaela
37%
316DDaniella
37%
314LLilah
37%
77NNaomi
37%
486EElsa
37%
477MMillie
37%
217IIris
37%
131JJosephine
37%
349MMikayla
37%
120MMorgan
37%
194SSummer
37%
143MMakayla
37%
142LLyla
37%
199LLila
37%
140PPaige
37%
203EEsther
37%
200DDaniela
37%
245KKeira
36%
241MMaggie
36%
397KKiara
36%
388CCarly
36%
219FFiona
36%
282CCharlee
36%
170BBrooklynn
36%
207CCharlie
36%
498JJamie
36%
171VValerie
36%
31BBrooklyn
36%
359KKira
36%
493KKyra
36%
51SStella
35%
53MMila
35%
240JJuliet
35%
111WWillow
35%
493TTiffany
35%
88CCora
35%
118NNatalia
35%
226JJuliette
35%
335MMyla
35%
81LLydia
34%
52SSadie
34%
328KKamila
34%
67AAutumn
34%
43CCamila
34%
374CCamilla
34%
320SSelena
34%
357AAda
34%
97QQuinn
34%
326KKayleigh
33%
406BBaylee
33%
352AArielle
33%
435JJoy
33%
463GGiuliana
33%
272LLena
33%
269GGemma
33%
251JJosie
33%
191JJulianna
33%
168JJuliana
33%
108BBailey
33%
61KKaylee
33%
229SSienna
33%
137AAriel
33%
445AAleah
32%
174EElise
32%
163AAliyah
32%
48AAaliyah
32%
385SSkye
32%
258JJacqueline
32%
165GGracie
32%
411SSerena
32%
435JJillian
32%
135AAdeline
31%
305CChelsea
31%
193AAdelyn
31%
196CCallie
31%
123AAdalynn
31%
153PPayton
31%
132AAdalyn
31%
336AAddilyn
31%
292AAdrianna
31%
213AAlexandria
31%
72PPeyton
31%
267KKali
31%
122SSydney
31%
186AAdriana
31%
353LLana
31%
278MMiranda
31%
275AAdelynn
31%
364AAdaline
31%
263PParis
30%
311VVera
30%
110LLuna
30%
413MMacy
29%
428FFrancesca
29%
418MMacie
29%
232CCali
29%
202AAlana
29%
430CCarolina
29%
116DDelilah
29%
408SSierra
29%
268MMaci
29%
425AAngelica
28%
79AAurora
28%
148MMelody
28%
308LLexi
28%
68PPiper
28%
373GGia
28%
160LLondyn
28%
105LLondon
28%
63HHazel
28%
386EElsie
27%
209TTessa
27%
189DDestiny
27%
70NNevaeh
27%
133JJocelyn
27%
42SSkylar
27%
318AAlexia
27%
225LLucia
27%
285SSkyler
27%
307JJada
27%
246CCamille
27%
495JJayda
27%
344KKelsey
26%
371LLeslie
26%
387KKennedi
26%
343HHeidi
26%
57KKennedy
26%
442NNia
26%
320PPaislee
25%
270LLilliana
25%
396AAnnabella
25%
127LLiliana
25%
355SSabrina
25%
45PPaisley
25%
480LLacey
25%
382CCarmen
25%
99RReagan
24%
216AAnastasia
24%
130TTrinity
24%
255EEloise
24%
359FFelicity
24%
161VValeria
24%
379BBianca
24%
271RRaegan
24%
259BBrynn
23%
375AAshlynn
23%
273AAdelaide
23%
257CCassidy
23%
296MMariana
23%
194AArabella
23%
332AAshlyn
23%
472RRyan
23%
341KKendra
23%
128BBrielle
23%
465KKassidy
23%
156EEden
23%
281HHarley
22%
242DDakota
22%
114VValentina
22%
345NNadia
22%
181CCecilia
22%
417FFreya
22%
286MMakenna
21%
283TTalia
21%
248MMckenna
21%
459AAleena
21%
250NNoelle
21%
71SSerenity
21%
173RReese
21%
330HHaven
21%
172AAlina
21%
423BBlake
21%
351HHeaven
21%
283LLucille
21%
138EEverly
20%
261EEvangeline
20%
266RRosalie
20%
453MMarlee
20%
294MMiriam
20%
226PParker
20%
218MMarley
20%
182GGenevieve
20%
484SSylvia
20%
356KKyla
20%
378DDaphne
19%
157AAthena
19%
302EElliana
19%
125XXimena
19%
480WWilla
19%
190HHayden
19%
103EEliana
19%
426MMarilyn
19%
456JJimena
19%
184HHarmony
19%
391MMallory
19%
404GGwendolyn
18%
221GGiselle
18%
265AAyla
18%
134EEmery
18%
65GGenesis
18%
180EEmerson
18%
313MMalia
18%
433MMaliyah
18%
393EEmersyn
18%
357GGracelyn
17%
393LLogan
17%
102HHadley
17%
369EEsmeralda
17%
276KKenzie
17%
401AAriella
17%
238JJayla
17%
491AAisha
17%
215NNova
17%
299SShelby
17%
311FFatima
17%
483JJaylah
17%
391GGracelynn
17%
463TThea
17%
461KKarina
16%
446KKaia
16%
499CCeleste
16%
381AAmira
16%
349RRiver
16%
331RRowan
16%
362BBriella
16%
412DDahlia
16%
228TTeagan
16%
212AAmaya
16%
347KKaydence
15%
347CCheyenne
15%
341CCadence
15%
397DDylan
15%
187PPresley
15%
370SSage
15%
113KKinsley
15%
488HHattie
15%
303AAmina
15%
489RRaven
14%
469JJanelle
14%
244BBrynlee
14%
249AAniyah
14%
274JJourney
14%
461AAmara
14%
204FFinley
14%
427VViviana
14%
500RRemi
14%
405AAnaya
14%
422HHarlow
14%
377JJournee
14%
406BBrinley
14%
443ZZuri
13%
429JJuniper
13%
339AAinsley
13%
362KKamryn
13%
379MMckinley
13%
234KKinley
13%
243DDelaney
13%
289LLyric
13%
260SSawyer
13%
395CCamryn
13%
324NNyla
12%
437NNylah
12%
451JJustice
12%
449MMaeve
12%
340RRaelyn
12%
372AAspen
12%
453PPhoenix
12%
177RRaelynn
12%
457EEmmalyn
12%
178LLeilani
12%
448LLorelei
12%
326SSloane
11%
346AAlondra
11%
325CCatalina
11%
468LLuciana
11%
354BBlakely
11%
447BBristol
10%
410TTatum
10%
472BBrylee
10%
472LLeighton
10%
467BBraelyn
10%
475AAmari
10%
465BBraelynn
10%
409AAnnalisa
10%
400YYaretzi
10%
492IItzel
9%
236DDaleyza
9%
414MMiracle
9%
437MMalaysia
9%
304AAmiyah
8%
478SSelah
8%
367AAylin
8%
434CCataleya
7%
423JJayleen
7%
457NNayeli
6%

Score Distribution

Percentile by Number Answered

Percent of People with Each Score

Your Score History

You have not taken this quiz